Megnyílt a 27. szegedi Nyári Tárlat
Elmentve itt :
| Dokumentumtípus: | Cikk |
|---|---|
| Megjelent: |
1992-07-25
|
| Sorozat: | Délmagyarország
82 No. 175 |
| Kulcsszavak: | képzőművészet |
| Online Access: | http://dmarchiv.bibl.u-szeged.hu/122345 |
| LEADER | 00412nab a2200145 i 4500 | ||
|---|---|---|---|
| 001 | delm122345 | ||
| 005 | 20191002115547.0 | ||
| 008 | 191002s1992 hu o 0|| hun d | ||
| 040 | |a SZTE Délmagyarország Archívum |b hun | ||
| 041 | |a hun | ||
| 245 | 0 | 0 | |a Megnyílt a 27. szegedi Nyári Tárlat |h [elektronikus dokumentum] |
| 260 | |c 1992-07-25 | ||
| 300 | |a 1 | ||
| 490 | 0 | |a Délmagyarország |v 82 No. 175 | |
| 695 | |a képzőművészet | ||